ბათუმის შოთა რუსთაველის სახელმწიფო უნივერსიტეტის ბიბლიოთეკა

Laboratory Tests and Diagnostic Procedures. (ბიბ.ჩანაწერი № 45363)

000 -LEADER
fixed length control field 00589nam a2200229Ia 4500
001 - CONTROL NUMBER
control field 12187
003 - CONTROL NUMBER IDENTIFIER
control field GE_BSU
008 - FIXED-LENGTH DATA ELEMENTS--GENERAL INFORMATION
fixed length control field 181216s||||||||xx |||||||||||||| ||und||
020 ## - INTERNATIONAL STANDARD BOOK NUMBER
International Standard Book Number 9781455706945
040 ## - CATALOGING SOURCE
Transcribing agency GE_BSU
080 ## - UNIVERSAL DECIMAL CLASSIFICATION NUMBER
Universal Decimal Classification number 616.07
245 ## - TITLE STATEMENT
Title Laboratory Tests and Diagnostic Procedures.
245 ## - TITLE STATEMENT
Statement of responsibility, etc. Edited and Authored Cyntia C.Chernecky,Barbara J.Benger.
250 ## - EDITION STATEMENT
Edition statement Sixth Edition.
260 ## - PUBLICATION, DISTRIBUTION, ETC.
Place of publication, distribution, etc. St.Louis.
260 ## - PUBLICATION, DISTRIBUTION, ETC.
Name of publisher, distributor, etc. Elsevier.
260 ## - PUBLICATION, DISTRIBUTION, ETC.
Date of publication, distribution, etc. 2013
300 ## - PHYSICAL DESCRIPTION
Extent 1222p;23cm.
653 ## - INDEX TERM--UNCONTROLLED
Uncontrolled term Laboratory Tests and Diagnostic Procedures.
942 ## - ADDED ENTRY ELEMENTS (KOHA)
Koha item type წიგნი
ეგზემპლარები
Withdrawn status Lost status Damaged status Not for loan Date acquired Barcode Date last seen Price effective from Koha item type
        2018-12-17 36018 2018-12-17 2018-12-17 წიგნი